| 000 | 00522nam a22002057a 4500 | ||
|---|---|---|---|
| 999 |
_c7565 _d7565 |
||
| 003 | OSt | ||
| 005 | 20211202155907.0 | ||
| 008 | 211202b ||||| |||| 00| 0 eng d | ||
| 020 | _a9780826469533 | ||
| 040 | _cDDC | ||
| 082 | _a658.1511 LUC 2008 | ||
| 100 |
_aLucey, Terry _95279 |
||
| 245 | _aManagement Accounting. | ||
| 250 | _a5th ed. | ||
| 260 |
_aSouth-Western: _bCengage; _c2003, |
||
| 300 |
_aix,732p: _bill; _c25cm. |
||
| 504 | _aIncludes Index. | ||
| 650 |
_aManagement Accounting. _95280 |
||
| 942 |
_2ddc _cBOOK |
||